000 00293nam a22001337a 4500
008 180208b xxu||||| |||| 00| 0 eng d
020 _a9780077214555
041 _aeng
080 _a330.722.6
100 _a61
101 _aKON
245 _aFINANCIAL ACCOUTING
_cLIBBY.P
942 _2udc
_cBK
999 _c42164
_d42164